000 00402nam a2200145 a 4500
005 20140412111426.0
008 090627s19uu xx 00 eng d
020 _a0-439-57946-5
050 _aTR(PS E
_bSl5 2002
100 _aCarle, Eric
245 _a"Slowly, Slowly, Slowly Slowly," said the sloth /
_cEric Carle.
260 _aU.S.A :
_bScholastic,
_c2002.
300 _aiv. unp.
999 _c106216
_d106216